Manual de catalogación y gestión de las colecciones científicas de historia natural / (Registro nro. 783)
[ vista simple ]
| 000 -CABECERA | |
|---|---|
| Campo de control | 01888nam a2200445 a 4500 |
| 005 - FECHA Y HORA DE LA ULTIMA TRANSACCION | |
| Campo de control | 20191224041542.0 |
| 008 - ELEMENTOS DE LONGITUD FIJA—INFORMACION GENERAL | |
| Campo de control | 150902b1994 spa||||| |||| 00| 0 spa d |
| 020 ## - ISBN | |
| ISBN | 8400074068 |
| 040 ## - FUENTE DE CATALOGACIÓN | |
| Agencia catalogadora original | CO-BoIAVH |
| Agencia transcriptora | CO-BoIAVH |
| 041 0# - IDIOMA | |
| Código de idioma para texto/pista de sonido o título separado | Español |
| 044 ## - PAÍS DE PUBLICACIÓN | |
| País de publicación | España |
| 082 04 - NUMERO DE CLASIFICACION DECIMAL DEWEY | |
| Número de clasificación | 570.068 |
| Número del ítem | B27m |
| 090 ## - CLASIFICACIÓN LOCAL | |
| Colección | LB |
| Consecutivo | 00769 |
| 100 1# - ASIENTO PRINCIPAL--NOMBRE PERSONAL | |
| Nombre personal | Barreiro Rodríguez, Josefina |
| 9 (RLIN) | 37954 |
| 245 1# - MENCION DE TITULO | |
| Título | Manual de catalogación y gestión de las colecciones científicas de historia natural / |
| Mención de responsabilidad | Josefína Barreiro Rodríguez, José Enrique González Fernández y Isabel Rey Farile. |
| 260 ## - PUBLICACION, DISTRIBUCION, ETC. (PIE DE IMPRENTA) | |
| Lugar de publicación, distribución, etc. | Madrid: |
| Nombre del editor, distribuidor, etc. | Museo Nacional de Ciencias Naturales. Consejo Superior de Investigaciones Científicas, |
| Fecha de publicación, distribución, etc. | 1994. |
| 300 ## - DESCRIPCION FISICA | |
| Extensión | 238 páginas |
| Dimensiones | 28 cm. |
| 490 ## - MENCION DE SERIE | |
| Mención de serie | Manuales técnicos de museología |
| 500 ## - NOTA GENERAL | |
| Nota general | Incluye anexos. |
| 504 ## - NOTA DE BIBLIOGRAFIA, ETC. | |
| Nota de bibliografía | Incluye referencias bibliográficas. |
| 505 0# - NOTA DE CONTENIDO | |
| Nota de contenido | Las colecciones de vertebrados: uso y gestión.<br/>La gestión y manejo de las colecciones de invertebrados no insectos.<br/>Uso y gestión de colecciones entomológicas.<br/>Organización y gestión de fondos paleontológicos.<br/>Ordenación de los minerales del Museo Nacional de Ciencias Naturales<br/> |
| 650 #6 - ASIENTO SECUNDARIO DE MATERIA - TERMINO TEMATICO | |
| Término temático o nombre geográfico como elemento de entrada | Historia natural |
| 9 (RLIN) | 37955 |
| 650 #4 - ASIENTO SECUNDARIO DE MATERIA - TERMINO TEMATICO | |
| Término temático o nombre geográfico como elemento de entrada | Colecciones biológicas |
| Subdivisión de forma | Catalogación |
| 9 (RLIN) | 37956 |
| 650 #4 - ASIENTO SECUNDARIO DE MATERIA - TERMINO TEMATICO | |
| Término temático o nombre geográfico como elemento de entrada | Manual del usuario |
| 9 (RLIN) | 37957 |
| 650 #4 - ASIENTO SECUNDARIO DE MATERIA - TERMINO TEMATICO | |
| Término temático o nombre geográfico como elemento de entrada | Legislación |
| 9 (RLIN) | 37958 |
| 650 #6 - ASIENTO SECUNDARIO DE MATERIA - TERMINO TEMATICO | |
| Término temático o nombre geográfico como elemento de entrada | Paleontología |
| 9 (RLIN) | 6983 |
| 650 #6 - ASIENTO SECUNDARIO DE MATERIA - TERMINO TEMATICO | |
| Término temático o nombre geográfico como elemento de entrada | Entomología |
| 9 (RLIN) | 4483 |
| 650 #6 - ASIENTO SECUNDARIO DE MATERIA - TERMINO TEMATICO | |
| Término temático o nombre geográfico como elemento de entrada | Vertebrados |
| 9 (RLIN) | 37959 |
| 650 #6 - ASIENTO SECUNDARIO DE MATERIA - TERMINO TEMATICO | |
| Término temático o nombre geográfico como elemento de entrada | Minerales |
| 9 (RLIN) | 37960 |
| 662 ## - ASIENTO SECUNDARIO DE MATERIA - JERARQUIA DEL NOMBRE DE LUGAR( | |
| País o entidad mayor | España |
| 700 1# - ASIENTO SECUNDARIO - NOMBRE PERSONAL | |
| Nombre personal | Barreiro Rodríguez, Josefina |
| 9 (RLIN) | 37961 |
| 700 1# - ASIENTO SECUNDARIO - NOMBRE PERSONAL | |
| Nombre personal | Sanchíz, Borja |
| 9 (RLIN) | 37962 |
| 700 1# - ASIENTO SECUNDARIO - NOMBRE PERSONAL | |
| Nombre personal | González Fernández, José Enrique |
| 9 (RLIN) | 37963 |
| 700 1# - ASIENTO SECUNDARIO - NOMBRE PERSONAL | |
| Nombre personal | Rey Fraile, Isabel |
| 9 (RLIN) | 37964 |
| 700 1# - ASIENTO SECUNDARIO - NOMBRE PERSONAL | |
| Nombre personal | Soriano Hermano, Oscar |
| 9 (RLIN) | 37965 |
| 700 1# - ASIENTO SECUNDARIO - NOMBRE PERSONAL | |
| Nombre personal | Izquierdo Moya, Isabel |
| 9 (RLIN) | 37966 |
| 700 1# - ASIENTO SECUNDARIO - NOMBRE PERSONAL | |
| Nombre personal | Dieguez Jiménez, Carmen |
| 9 (RLIN) | 37967 |
| 700 1# - ASIENTO SECUNDARIO - NOMBRE PERSONAL | |
| Nombre personal | García Guinea, Javier |
| 9 (RLIN) | 37968 |
| 942 ## - ELEMENTOS ADICIONALES (KOHA) | |
| Tipo de ítem | Libro |
| Sistema de clasificación | Dewey Decimal Classification |
| Koha issues (borrowed), all copies | 2 |
| Withdrawn status | Lost status | Sistema de Clasificación | Damaged status | No para préstamo | Colección | Inventariado | Ubicación Permanente | Ubicación actual | Fecha de adquisición | Fuente de Valor | Valor | Total Checkouts | Total Renewals | Número topográfico | Inventario / Código de Barras | Date last seen | Date checked out | Ejemplar | Price effective from | Forma de adquisición | Tipo de material | Public note |
|---|---|---|---|---|---|---|---|---|---|---|---|---|---|---|---|---|---|---|---|---|---|---|
| Dewey Decimal Classification | General | Inventariado 2017 | Bogotá | Bogotá | 09/07/1998 | Instituto | 39000.00 | 6 | 3 | LB-570.068 B27m | 003580 | 10/05/2018 | 24/01/2018 | Ej.1 | 04/12/2012 | Libro | Disponible en Fotocopia, solo para consulta en sala |